Countries with the most Europeans - Statistics

General Stats
  • This quiz has been taken 53 times
  • The average score is 14 of 16
Answer Stats
Europeans Percent of population Country % Correct
113.844.000 53.7 Brazil
98%
28.400.000 71.2% Canada
98%
222.900.000 65% United States
98%
61.570.000 47% Mexico
96%
24.334.000 90.8% Australia
94%
12.805.000 13% South Africa
94%
37.950.000 82.5% Argentina
92%
10.400.000 52.7% Chile
92%
10.759.000 20.3% Colombia
92%
3.799.000 72.5% New Zealand
86%
5.179.000 15.1% Peru
84%
2.788.000 82% Uruguay
80%
7.458.000 67.8% Cuba
78%
5.757.000 20.2% Venezuela
78%
7.444.000 42% Ecuador
74%
8.140.000 44% Guatemala
58%
No matching quizzes found
Score Distribution
Percent of People with Each Score
Percentile by Number Answered
Your Score History
You have not taken this quiz